| 000 | 00482nam a22001697a 4500 | ||
|---|---|---|---|
| 020 | _a9788131720257 | ||
| 082 | _a005.74 CON | ||
| 100 | _aConnolly, Thomas M. | ||
| 245 | _aDatabase systems : a practical approach to design, implementation, and management | ||
| 250 | _a4th ed. | ||
| 260 |
_aNew Delhi, India _bPearson Education _c2005 |
||
| 300 |
_al, 1374 p. _bill. ; |
||
| 500 | _aIncludes index. | ||
| 650 | _aDatabase management. | ||
| 700 | _aBegg, Carolyn | ||
| 942 | _cBK | ||
| 999 |
_c12542 _d12542 |
||